LDR 00781naa#a2200193#i#450# 001 EN\\bibl\118759 005 20260514225944.4 011 ## _a1994-4683 100 ## _a20230428b2023####ek#y0engy0150####ca 102 ## _aRU 200 1# _aINFORMATIVE BASICS OF STRENGTH TRAINING WITH ELEMENTS OF MYOFASCIAL RELEASE WITH WOMEN AGED 36-40 YEARS OLD _eJournal article 210 1# _aMoscow _cNational State University of Physical Education, Sports and Health named after P.F. Lesgaft _d2023 215 ## _a3 с. 608 ## _aJournal article _2local 675 ## _aСпортивный отдых. Оздоровительный спорт. Компенсаторный спорт. 796.035 _z 700 #1 _aTrofimova _gO S 700 #1 _aZasypkina _gS A 700 #1 _aMazurenko _gE A 856 4# _auchzapiski.lesgaft.spb.ru _u